• 首页
  • 本馆介绍
  • 公告通知
  • 最新文献
  • 馆藏检索
  • 电子资源
  • 读者导购
  • 参考咨询
  • 我的图书馆
  • 登录
  • 详细信息显示
  • 放入我的书架
  • 预约/预借图书
  • 作者相关作品
  • 分类相关作品
  • 丛书相关作品
  • 出版社相关作品

书目信息

  • 表格格式
  • 工作单格式
  • 卡片格式
题名:
零基础教你写网文
    
 
作者: 疯狂小强 主编
分册:  
出版信息: 沈阳   沈阳出版社  2018
页数: 10, 209页
开本: 24cm
丛书名: 新湖湘文艺书库
单 册:
中图分类: I059.99
科图分类:
主题词: 网络文学--wang luo wen xue--文学创作方法
电子资源:
ISBN: 978-7-5441-9715-1
000 00996nam 2200277 450
001 012001007160
005 20131018161437.0
010    @a978-7-5441-9715-1@dCNY45.00
099    @aCAL 012018179030
100    @a20181120d2018 em y0chiy50 ea
101 0  @achi
102    @aCN@b210000
105    @aa z 000zy
106    @ar
200 1  @a零基础教你写网文@Aling ji chu jiao ni xie wang wen@f疯狂小强主编
210    @a沈阳@c沈阳出版社@d2018
215    @a10, 209页@c图@d24cm
225 2  @a新湖湘文艺书库@Axin hu xiang wen yi shu ku
300    @a网络小说写作教程
330    @a本书由网络文学的基本概念说起, 从写作技巧到作品分析, 从读者心理到营销策略, 层层递进, 由表及里, 不仅给网文作者架设一座成长的阶梯, 也为网文读者描绘了一幅网络文学的全景图。
410  0 @12001 @a新湖湘文艺书库
606 0  @a网络文学@Awang luo wen xue@x文学创作方法
690    @aI059.99@v5
701  0 @a疯狂小强@Afeng kuang xiao qiang@4主编
801  0 @aCN@b上海新华@c20191020
905    @b1176143-6@dI059.99@e238@f4
    
    零基础教你写网文/疯狂小强主编.-沈阳:沈阳出版社,2018
    10, 209页:图;24cm.-(新湖湘文艺书库)
    网络小说写作教程
    
    ISBN 978-7-5441-9715-1:CNY45.00
    本书由网络文学的基本概念说起, 从写作技巧到作品分析, 从读者心理到营销策略, 层层递进, 由表及里, 不仅给网文作者架设一座成长的阶梯, 也为网文读者描绘了一幅网络文学的全景图。
●
相关链接 在E读中查询图书 在五车中查询图书 在当当中查询图书 在豆瓣中查询图书


正题名:零基础教你写网文     索取号:I059.99/238         预约/预借

序号 登录号 条形码 馆藏地/架位号 状态 备注
1 1176143   211761431   第一样本阅览室/ [索取号:I059.99/238] 在馆    
2 1176144   211761440   第二借阅区/ [索取号:I059.99/238] 在馆    
3 1176145   211761459   第二借阅区/ [索取号:I059.99/238] 在馆    
4 1176146   211761468   第二借阅区/ [索取号:I059.99/238] 在馆    
唐山师范学院图书馆 欢迎您!
大连网信软件有限公司© 版权所有